| 000 | 00769nam a22002177a 4500 | ||
|---|---|---|---|
| 999 |
_c6611 _d6611 |
||
| 003 | AR-CdUCM | ||
| 008 | 190318b ||||| |||| 00| 0 spa d | ||
| 040 |
_aMUNICIPALIDAD PROVINCIAL DEL CUSCO _cBIBLIOTECA MUNICIPAL DEL CUSCO |
||
| 082 |
_a523.11 / _bL62 |
||
| 110 |
_aLife _918581 |
||
| 245 | _aLife en el Espacio / | ||
| 260 |
_aEstados Unidos : _bEdiciones Culturales Internacionales , _c1984. |
||
| 300 |
_a304 páginas ; _bFotografias a full color _c33.8 cm. |
||
| 505 | _aContenido : Introduccion -- Mercurio -- Geminis -- Apolo -- Skylab -- Transbordador -- Espacio Remoto... | ||
| 650 |
_aViajes Espaciales _918598 |
||
| 650 |
_aAstrologia _97684 |
||
| 650 |
_aCosmologia _913090 |
||
| 650 |
_aCarrera Espacial _918599 |
||
| 942 |
_2ddc _cLIBROS |
||
| 945 | _artm | ||